01488nam a2200397 a 450000100060000000300080000600500170001400600190003100700150005000800410006502000150010603500230012103500240014403500250016803500210019304000260021405000230024008000110026308200170027410000490029124501110034025000110045126000760046230000110053844000410054953301640059065000410075465000500079565000430084565000480088865100290093665500270096571000190099285600620101199900170107392963FlNmELB20241217172147.0m o d | cr cn|||||||||201010r2003 mx |||||s|||||||||||spa d z9703207405 a(MiAaPQ)EBC3190640 a(Au-PeEL)EBL3190640 a(CaPaEBR)ebr10417898 a(OCoLC)929292394 aFlNmELBbspacFlNmELB 4aKGF4560bC466 2003 a351.7204a343.72032210 aChapoy B., Dolores Beatrizq(Chapoy Bonifaz)10aPlaneación, programación y presupuestaciónh[recurso electronico] /cDolores Beatriz Chapoy Bonifaz. a1. ed. aMéxico, D.F. :bInstituto de Investigaciones Jurídicas-UNAM,c2003. a273 p. 0aSerie Doctrina jurídica ;vno. 145 aRecurso electrónico. Santa Fe, Arg.: e-libro, 2015. Disponible vía World Wide Web. El acceso puede estar limitado para las bibliotecas afiliadas a e-libro. 0aBudgetxLaw and legislationzMexico. 0aFinance, PublicxLaw and legislationzMexico. 0aPresupuestosxLegislaciónzMéxico. 0aFinanza públicaxLegislaciónzMéxico. 0aMexicoxEconomic policy. 4aLibros electrónicos.2 ae-libro, Corp.40uhttps://elibro.net/ereader/politecnicointernacional/74383 c92963d92963